social networks - Statistics

General Stats
  • This quiz has been taken 39 times
  • The average score is 8 of 15
Answer Stats
Hint Answer % Correct
mark zuckerberg facebook
97%
blue bird twitter
97%
camera logo instagram
94%
whos space? my space
91%
video chatting skype
83%
opposite of bing- google+
74%
_____ in linked in
54%
do it for the... vine
51%
for white girls tumblr
34%
whats up? whats app
34%
ask me stuff! ask.fm
31%
creepy chatrooms omegle
29%
interesting pinterest
26%
instead of texting kik
23%
its a palindrome i.m.ing and video calling app oovoo
23%
No matching quizzes found
Score Distribution
Percent of People with Each Score
Percentile by Number Answered
Your Score History
You have not taken this quiz